Computer systems / (Record no. 26402)
[ view plain ]
| 000 -LEADER | |
|---|---|
| fixed length control field | 01066cam a22002535a 4500 |
| 001 - CONTROL NUMBER | |
| control field | 13690746 |
| 005 - DATE AND TIME OF LATEST TRANSACTION | |
| control field | 20180326114142.0 |
| 008 - FIXED-LENGTH DATA ELEMENTS--GENERAL INFORMATION | |
| fixed length control field | 040818t2005 maua fr 001 0 eng d |
| 020 ## - INTERNATIONAL STANDARD BOOK NUMBER | |
| International Standard Book Number | 0763732397 |
| 020 ## - INTERNATIONAL STANDARD BOOK NUMBER | |
| International Standard Book Number | 9780763732394 |
| 040 ## - CATALOGING SOURCE | |
| Original cataloging agency | DLC |
| Transcribing agency | DLC |
| Modifying agency | DLC |
| -- | EG-ScBUE |
| Language of cataloging | eng |
| 082 04 - DEWEY DECIMAL CLASSIFICATION NUMBER | |
| Edition number | 22 |
| Classification number | 004 |
| Item number | WAR |
| 100 1# - MAIN ENTRY--PERSONAL NAME | |
| Personal name | Warford, J. Stanley, |
| Dates associated with a name | 1944- |
| 245 10 - TITLE STATEMENT | |
| Title | Computer systems / |
| Statement of responsibility, etc | J. Stanley Warford. |
| 250 ## - EDITION STATEMENT | |
| Edition statement | 3rd ed. |
| 260 ## - PUBLICATION, DISTRIBUTION, ETC. (IMPRINT) | |
| Place of publication, distribution, etc | Sudbury : |
| Name of publisher, distributor, etc | Jones and Bartlett Publishers, |
| Date of publication, distribution, etc | c.2005. |
| 300 ## - PHYSICAL DESCRIPTION | |
| Extent | 1 v. (various pagings) : |
| Other physical details | ill. ; |
| Dimensions | 24 cm. |
| 500 ## - GENERAL NOTE | |
| General note | includes index. |
| 505 0# - FORMATTED CONTENTS NOTE | |
| Formatted contents note | Computer systems -- C++ -- Information representation -- Computer architecture -- Assembly language -- Compiling to the assembly level -- Language translation principles -- Process management -- Storage management -- Combinational circuits -- Sequential circuits -- Computer organization. |
| 650 #7 - SUBJECT ADDED ENTRY--TOPICAL TERM | |
| Topical term or geographic name as entry element | Computer systems. |
| Source of heading or term | BUEsh |
| 9 (RLIN) | 37428 |
| 653 ## - INDEX TERM--UNCONTROLLED | |
| Resource For college | Informatics and Computer Science |
| Arrived date list | March2018 |
| 856 41 - ELECTRONIC LOCATION AND ACCESS | |
| Materials specified | Table of contents |
| Uniform Resource Identifier | <a href="http://www.loc.gov/catdir/toc/ecip0422/2004019599.html">http://www.loc.gov/catdir/toc/ecip0422/2004019599.html</a> |
| 942 ## - ADDED ENTRY ELEMENTS (KOHA) | |
| Source of classification or shelving scheme | Dewey Decimal Classification |
| Withdrawn status | Item status | Source of classification or shelving scheme | Damaged status | Not for loan | Home library | Current library | Shelving location | Date acquired | Total Checkouts | Total Renewals | Full call number | Barcode | Checked out | Date last seen | Date last borrowed | Koha item type |
|---|---|---|---|---|---|---|---|---|---|---|---|---|---|---|---|---|
| Dewey Decimal Classification | Central Library | Central Library | Lower Floor | 26/03/2018 | 1 | 8 | 004 WAR | 000047503 | 17/05/2025 | 25/03/2025 | 25/03/2025 | Book - Borrowing |